Animals A-Z Quiz Stats

 Plays Quiz Updated Mar 18, 2020

Support Sporcle.
Go Orange.
Score 0/25 Timer 04:00
66 Plays Today
Letter Animal % Correct
DDonkey
96%
PPanda
95.5%
GGoat
94.9%
FFlamingo
94.7%
BBeaver
92.9%
ZZebra
92.8%
SSeahorse
91.9%
KKoala
89.8%
HHamster
89.7%
OOtter
87.5%
LLlama
86.6%
IIguana
84.6%
TToucan
83.6%
Letter Animal % Correct
EEmu
80.4%
AArmadillo
76.2%
RReindeer
71%
YYak
68.3%
MMussel
64.2%
QQuail
63.2%
UUrchin
62.2%
JJackal
50.6%
WWombat
42.2%
VVole
35.6%
CCuttlefish
28.3%
NNautilus
20.7%

From the Vault

Figure Out The Lyrics: Choruses

by Doctor_Arzt

Music 20m
Finally the backing vocals get the attention they deserve!
Remove Ads.
Support Sporcle.
Get the best of Sporcle when you Go Orange. This ad-free experience offers more features, more stats, and more fun while also helping to support Sporcle. Thank you for becoming a member.

Show Comments

Extras

Top Quizzes Today


Score Distribution

Your Account Isn't Verified!

In order to create a playlist on Sporcle, you need to verify the email address you used during registration. Go to your Sporcle Settings to finish the process.

Report this User

Report this user for behavior that violates our Community Guidelines.

Details: